000 00577nam a22001817a 4500
005 20251108164356.0
008 250721s9999 xx 000 0 ara d
082 1 4 _a413.09/درو
100 1 _aدرويش، عبد الله
245 1 0 _aالمعاجم العربية مع إعتناء خاص بمعجم العين للخليل بن أحمد /
264 1 _aالقاهرة :
_bمكتبة الشباب،
_c[19-].
300 _a165ص
650 1 7 _aاللغة العربية
650 1 7 _aالقواميس
650 1 7 _aالتاريخ
942 _2ddc
_cBK
999 _c10614
_d10614